000 00264nam a22001097a 4500
008 170124b xxu||||| |||| 00| 0 eng d
020 _a9780323030434
041 _aeng
080 _23RD
_a618.2
245 _aVIRTUAL CLINICAL EXCURSIONS
_cHOCKENBERRY
942 _2udc
_cBK
999 _c3517
_d3517